Sports Quiz

Random Sports Quiz
Score 0/25 Timer 05:00
0 Plays Today
% Correct
Jorge Posada
100%
Derek Jeter
100%
Alex Rodriguez
100%
Brett Gardner
98.9%
Mark Teixeira
97.9%
Robinson Cano
97.9%
Curtis Granderson
97.9%
CC Sabathia
96.8%
Nick Swisher
95.7%
Mariano Rivera
93.6%
AJ Burnett
92.6%
Phil Hughes
91.5%
Andy Pettitte
90.4%
% Correct
Francisco Cervelli
88.3%
Joba Chamberlain
80.9%
David Robertson
72.3%
Lance Berkman
68.1%
Ramiro Pena
67%
Marcus Thames
58.5%
Kerry Wood
57.4%
Boone Logan
55.3%
Sergio Mitre
42.6%
Greg Golson
40.4%
Austin Kearns
38.3%
Dustin Moseley
16%
Remove Ads.
Support Sporcle.
Get the best of Sporcle when you Go Orange. This ad-free experience offers more features, more stats, and more fun while also helping to support Sporcle. Thank you for becoming a member.

You're not logged in!

Compare scores with friends on all Sporcle quizzes.
OR
Log In

Show Comments

Extras

Top Quizzes Today


Score Distribution

Your Account Isn't Verified!

In order to create a playlist on Sporcle, you need to verify the email address you used during registration. Go to your Sporcle Settings to finish the process.

Report this User

Report this user for behavior that violates our Community Guidelines.

Details: